Guess all doors monsters and Items - Statistics

General Stats
  • This quiz has been taken 50 times
  • The average score is 23 of 44
Answer Stats
Information Entity % Correct
A black face that forces you to hide Rush
100%
It has a green aura and comes back multiple times Ambush
94%
It lurks in dark rooms comes with Psst Screech
85%
When you go through a wrong door it jumps at you Dupe
79%
It has a purple glow and deals damage when you look at it Eyes
79%
A red monster with very great hearing Figure
79%
When you stay in a closet for too long it forces you to get out Hide
79%
A character that shows up in closets and rarely hallways Jack
79%
It comes from the ground and chases you through many doors Seek
79%
A blue light that shines on doors or items Guiding Light
76%
A blue ghost like body that forces you to turn around multiple times Halt
76%
A glitched person who appears in single player when a room fails to load Glitch
74%
It has blue eyes tentacles and owns a shop at door 52 Jeff
74%
A pile of dirt that turns into spikes when you step on it Snare
74%
Has a 1/200 chance to appear in drawers it damages you but cannot kill you Timothy
71%
When you are far away from your crew it comes to teleport you back to your crew Void
71%
In the rooms its a red face that forces you to hide A-60
62%
In the rooms a glitched face that appears with a stop sign and does 90 damage A-90
62%
A skeleton that seems to do nothing at door 52 Bob
62%
A goblin that you can talk to at door 52 El Goblino
62%
In the rooms forcing you to go back to the previous room at hide A-120
59%
A entity that lies on the floor if you step on it you slip and take damage Banana Peel
59%
A exclusive entity in Super Hard Mode it chases the player and chats "GO TO SLEEP" Jeff The Killer
59%
When you open a drawer and find coins its very common he will show up on your screen Greed
56%
A yellow light exclusive to the rooms giving tips about the monsters Curious Light
53%
When you touch the lobby key and zombie face comes up and kills you instantly THE EVIL KEY
50%
It is unlikely it comes it has black and white versions making a sound when it comes Shadow
41%
Used to banish many entities but does not work on some of them Crucifix
38%
When you go through the wrong door a purple face jumps at you instantly killing you Subspace Tripmine
38%
In super hard mode a bald person and in a gaming room comes up Bald Kreek
32%
Shines a beam of light wherever you look Flashlight
32%
Its used to unlock the rooms door and the infirmary door Skeleton Key
32%
Its can be used to unlock any door the rooms door and locked up chests Lockpicks
26%
A match that creates a circle of light surrounding you Lighter
24%
Known as the currency of doors Gold
21%
Its a holy grenade when thrown it bounces off the floor makes a hallelujah sound than explodes Holy Hand Grenade
21%
When you escape the rooms you get the gummy-like item that works when you shake it Shakelight
21%
In super hard mode its a white face with a smile Trollface
21%
A yellow face that has potato like features appears in super hard mode Barrage
18%
Used to unlock certain door Key
18%
It is a april fools item in the shop of super hard mode NVCS-3000
12%
A tablet that lets you scan walls to see where elevator buttons/levers are Scanner
12%
In super hard mode its a blue potion that gives full shield and works like fortnite Big Shield Potion
3%
In super hard mode its a blue potion that gives shields and works like fortnite Little Shield Potion
3%
No matching quizzes found
Score Distribution
Percent of People with Each Score
Percentile by Number Answered
Your Score History
You have not taken this quiz